000 00296nam a22001217a 4500
003 SGT
082 _a004.36,VAU
100 _aVAUGHN,LARRY
245 _aCLIENT/SERVER SYSTEM DESIGN AND IMPLEMENTATION
260 _aNEW DELHI
_bTATA MCGRAW HILL PUB.
_c1995
300 _a220
942 _2ddc
_cGF BOOKS
999 _c34406
_d34406